[Event "RUS-ch (Women) 1st League 57th"]
[Site "Obninsk"]
[Date "2007.02.24"]
[Round "1"]
[White "Serikova, Svetlana"]
[Black "Murashova, Ekaterina"]
[Result "0-1"]
[WhiteElo "1939"]
[BlackElo "2204"]
[PlyCount "86"]
[EventDate "2007.02.24"]
[EventType "swiss"]
[EventRounds "9"]
[EventCountry "RUS"]
[SourceTitle "EXT 2010"]
[Source "ChessBase"]
[SourceDate "2010.11.25"]
[SourceVersion "1"]
[SourceVersionDate "2010.11.25"]
[SourceQuality "1"]

1. e4 c5 2. Nf3 Nc6 3. d4 cxd4 4. Nxd4 g6 5. Nc3 Bg7 6. Be3 Nf6 7. f3 0-0 8. Qd2 d5 9. Nxc6 bxc6 10. e5 Nd7 11. f4 e6 12. Na4 Nxe5 13. fxe5 Qh4+ 14. Bf2 Qxa4 15. Bg3 Rb8 16. b3 Qe4+ 17. Qe2 Qd4 18. Rd1 Qc3+ 19. Kf2 Rb4 20. Qd3 Qc5+ 21. Ke1 Re4+ 22. Be2 Bxe5 23. Bxe5 Rxe5 24. a4 Re3 25. Qd4 Ba6 26. c4 Qxd4 27. Rxd4 Rxb3 28. Kd2 c5 29. Rf4 Rb2+ 30. Ke3 d4+ 31. Kd3 e5 32. Rf6 e4+ 33. Kxe4 Rxe2+ 34. Kd5 Bb7+ 35. Kxc5 Rd8 36. Rhf1 Rd7 37. Kb5 d3 38. c5 d2 39. Rd6 Rxd6 40. cxd6 Re5+ 41. Kb4 Rd5 42. Rd1 Rxd6 43. g3 Bf3 0-1